Creating the other : ethnic conflict and nationalism in Habsburg Central Europe

Αποθηκεύτηκε σε:
Λεπτομέρειες βιβλιογραφικής εγγραφής
Άλλοι συγγραφείς: Wingfield, Nancy M. (Nancy Meriwether) (Επιμελητής έκδοσης)
Μορφή: Βιβλίο
Γλώσσα:English
Δημοσίευση: New York : Berghahn Books, 2003
Σειρά:Austrian history, culture, and society ; ; 5
Θέματα:
Ετικέτες: Προσθήκη ετικέτας
Δεν υπάρχουν, Καταχωρήστε ετικέτα πρώτοι!

MARC

LEADER 00000nam a2200000 i 4500
001 1/79285
008 080328r20032004 eng d
020 |a 1-57181-385-3 (pbk.) 
035 |l 10095927 
040 |a GR-MY-UA  |b gre  |e aacr 
041 0 |a eng 
082 0 |a 943.009034  |2 (22) 
245 1 0 |a Creating the other :  |b ethnic conflict and nationalism in Habsburg Central Europe /  |c edited by Nancy M. Wingfield 
260 |a New York :   |b Berghahn Books,   |c 2003 
300 |a x, 262 σ.;  |b εικ.;  |c 24 εκ. 
490 1 |a Austrian history, culture, and society  |v ; 5 
504 |a Βιβλιογραφία: σ. [257]-259 
504 |a Ευρετήριο: σ. 260-262 
650 0 0 |a Nationalism  |z Europe, Central  |x History  |y 19th century. 
650 0 0 |a Nationalism  |z Europe, Central  |x History  |y 20th century. 
650 0 0 |a Racism  |z Europe, Central  |x History  |y 19th century. 
650 0 0 |a Racism  |z Europe, Central  |x History  |y 20th century. 
651 0 |a Europe, Central  |x Ethnic relations. 
651 0 |a Austria  |x Ethnic relations. 
651 0 |a Austria  |x Politics and government  |y 1789-1900. 
651 0 |a Europe, Central  |x Politics and government. 
700 1 |a Wingfield, Nancy M.  |q (Nancy Meriwether)  |4 edt 
830 0 |a Austrian history, culture, and society ;  |v ; 5 
852 |a INST  |b LESVOS  |e 20080328  |h 943.009034 CRE  |p 005100039462  |q 005100039462  |t BK  |y 0 
901 |a BIBL1-2008-1 
909 |a Λ  |b 143161 
922 |a 1ΕΛΗ  |b 200712  |c ΕΠΕΑΕΚ2/ΤΚΑ  |d ΠΑΠΑΣΩΤΗΡΙΟΥ 
970 |a ΚΑΡΑ  |b ΓΙΑΣΕΜΗ  |z 2008/03/28